<?xml version="1.0" encoding="UTF-8"?>
<record
    xmlns:xsi="http://www.w3.org/2001/XMLSchema-instance"
    xsi:schemaLocation="http://www.loc.gov/MARC21/slim http://www.loc.gov/standards/marcxml/schema/MARC21slim.xsd"
    xmlns="http://www.loc.gov/MARC21/slim">

  <leader>00842    a2200301   4500</leader>
  <controlfield tag="003">00</controlfield>
  <controlfield tag="005">20171011125203.0</controlfield>
  <controlfield tag="008">171011b        xxu||||| |||| 00| 0 eng d</controlfield>
  <datafield tag="020" ind1=" " ind2=" ">
    <subfield code="a">2-84074-013-3</subfield>
  </datafield>
  <datafield tag="037" ind1=" " ind2=" ">
    <subfield code="b">1, Bu</subfield>
  </datafield>
  <datafield tag="037" ind1=" " ind2=" ">
    <subfield code="a">S6229</subfield>
  </datafield>
  <datafield tag="040" ind1=" " ind2=" ">
    <subfield code="a">BUAC</subfield>
    <subfield code="c">BUC</subfield>
    <subfield code="d">BUC</subfield>
  </datafield>
  <datafield tag="041" ind1=" " ind2=" ">
    <subfield code="a">Fre</subfield>
  </datafield>
  <datafield tag="100" ind1=" " ind2=" ">
    <subfield code="a">Rifflet, Jean-Marie</subfield>
  </datafield>
  <datafield tag="100" ind1=" " ind2=" ">
    <subfield code="l">Fr</subfield>
  </datafield>
  <datafield tag="245" ind1=" " ind2=" ">
    <subfield code="a">La programmation sous UNIX</subfield>
    <subfield code="c">/ par Jean-Marie Rifflet</subfield>
  </datafield>
  <datafield tag="250" ind1=" " ind2=" ">
    <subfield code="a">3e &#xE9;d.</subfield>
  </datafield>
  <datafield tag="260" ind1=" " ind2=" ">
    <subfield code="a">Paris :</subfield>
    <subfield code="b">Ediscience,</subfield>
    <subfield code="c">1994</subfield>
  </datafield>
  <datafield tag="300" ind1=" " ind2=" ">
    <subfield code="a">XX-630p.</subfield>
    <subfield code="b">couv. en coul. ;</subfield>
    <subfield code="c">24cm</subfield>
  </datafield>
  <datafield tag="440" ind1=" " ind2=" ">
    <subfield code="a">(Collection Informatique)</subfield>
    <subfield code="x">0989-392X</subfield>
  </datafield>
  <datafield tag="500" ind1=" " ind2=" ">
    <subfield code="a">Index. pp 619-630</subfield>
  </datafield>
  <datafield tag="630" ind1=" " ind2=" ">
    <subfield code="a">68 - industries, metiers et commerces de produits finis ou assembles</subfield>
    <subfield code="9">66</subfield>
  </datafield>
  <datafield tag="650" ind1=" " ind2=" ">
    <subfield code="a">6 - SCIENCES APPLIQUEES</subfield>
  </datafield>
  <datafield tag="650" ind1=" " ind2=" ">
    <subfield code="a">Informatique : Syst&#xE8;me</subfield>
    <subfield code="9">19072</subfield>
  </datafield>
  <datafield tag="650" ind1=" " ind2=" ">
    <subfield code="a">UNIX</subfield>
  </datafield>
  <datafield tag="942" ind1=" " ind2=" ">
    <subfield code="c">LBA</subfield>
  </datafield>
  <datafield tag="999" ind1=" " ind2=" ">
    <subfield code="c">42777</subfield>
    <subfield code="d">42777</subfield>
  </datafield>
  <datafield tag="952" ind1=" " ind2=" ">
    <subfield code="0">0</subfield>
    <subfield code="1">0</subfield>
    <subfield code="4">0</subfield>
    <subfield code="7">0</subfield>
    <subfield code="a">BUAC</subfield>
    <subfield code="b">BUAC</subfield>
    <subfield code="d">2009-02-28</subfield>
    <subfield code="f">S 6230</subfield>
    <subfield code="l">0</subfield>
    <subfield code="o">581.3RIF</subfield>
    <subfield code="p">S 6230Buc</subfield>
    <subfield code="r">2009-02-28 00:00:00</subfield>
    <subfield code="t">01</subfield>
    <subfield code="w">2009-02-28</subfield>
    <subfield code="y">LBA</subfield>
  </datafield>
</record>
